Globalisation meets its match: lessons from China's economic transformation (Record no. 80798)

000 -LEADER
fixed length control field 01169pab a2200193 454500
008 - FIXED-LENGTH DATA ELEMENTS--GENERAL INFORMATION
fixed length control field 180718b2008 xxu||||| |||| 00| 0 eng d
100 ## - MAIN ENTRY--PERSONAL NAME
Personal name Lo, Dic
245 ## - TITLE STATEMENT
Title Globalisation meets its match: lessons from China's economic transformation
260 ## - PUBLICATION, DISTRIBUTION, ETC.
Date of publication, distribution, etc. 2008
300 ## - PHYSICAL DESCRIPTION
Extent p.97-102.
362 ## - DATES OF PUBLICATION AND/OR SEQUENTIAL DESIGNATION
Dates of publication and/or sequential designation 27 Dec
520 ## - SUMMARY, ETC.
Summary, etc. The sustained and rapid growth of the Chinese economy in the last three decades has been in sharp contrast to the prolonged stagnation in most parts of the non western world. the persistence of a mixed economic system despite market reforms further contradicts the orthodox doctrines of globalization. This study argues that China's economic transformation has been mainly based on productivity improvement and is thus to a significant extent a real development. It has been achieved mainly through process of "governing the market" by a set of structural-institutional factors that are china-specific but can be of general importance for the development worldwide. - Reproduced.
650 ## - SUBJECT ADDED ENTRY--TOPICAL TERM
Topical term or geographic name entry element Globalization - China
650 ## - SUBJECT ADDED ENTRY--TOPICAL TERM
Topical term or geographic name entry element Globalization
700 ## - ADDED ENTRY--PERSONAL NAME
Personal name Zhang, Yu
773 ## - HOST ITEM ENTRY
Main entry heading Economic and Political Weekly
908 ## - PUT COMMAND PARAMETER (RLIN)
Put command parameter N
909 ## -
-- 80798
Holdings
Withdrawn status Lost status Damaged status Not for loan Permanent Location Current Location Date acquired Serial Enumeration / chronology Barcode Date last seen Price effective from Koha item type
        Indian Institute of Public Administration Indian Institute of Public Administration 2018-07-19 Volume no: 43, Issue no: 52 AR81258 2018-07-19 2018-07-19 Articles

Powered by Koha